| 000 | 00924nam a2200301 a 4500 | ||
|---|---|---|---|
| 001 | 545320 | ||
| 003 | GBCCL | ||
| 005 | 20241126110430.0 | ||
| 008 | 880108s1986 ii abf b 000 0 eng | ||
| 010 | _a 87903088 | ||
| 020 | _cRs65.00 | ||
| 025 | _aI E 55042 | ||
| 040 |
_aDLC _cDLC _dDLC |
||
| 043 | _aa-ii--- | ||
| 050 | 0 | 0 |
_aDS485.N27 _bN84 1986 |
| 082 | 0 | 0 |
_a954.165 _219 _bNUH |
| 100 | 1 |
_aNuh, V. K. _95114 |
|
| 245 | 1 | 0 |
_aNagaland church and politics / _cby V.K. Nuh. |
| 250 | _a1st ed. | ||
| 260 |
_a[Kohima, Nagaland, India] : _bV. Nuh & Bro., _cc1986. |
||
| 300 |
_axiv, 235 p., [13] p. of plates : _bill., 2 folded maps ; _c23 cm. |
||
| 504 | _aBibliography: p. [227]-229. | ||
| 650 | 0 |
_aChurch and state _zIndia _zNāgāland. _95115 |
|
| 651 | 0 |
_aNāgāland (India) _xPolitics and government. _95116 |
|
| 906 |
_a7 _bcbc _corignew _d3 _encip _f19 _gy-gencatlg |
||
| 942 |
_2ddc _cBK _09 |
||
| 999 |
_c2467 _d2467 |
||